[Event "25. Open Internacional de Parla 2010"]
[Site "Parla ESP"]
[Date "2010.09.11"]
[Round "8.20"]
[White "Alcaraz Amoros, Antonio"]
[Black "Vargas Huamani, Juan Carlos"]
[Result "1-0"]
[WhiteElo "2143"]
[BlackElo "2013"]
[PlyCount "55"]
[EventDate "2010.09.04"]
[EventType "swiss"]
[EventRounds "9"]
[EventCountry "ESP"]
[Source "lmi"]
[SourceDate "2010.09.04"]

1. c4 Nf6 2. Nc3 g6 3. g3 Bg7 4. Bg2 c5 5. e4 d6 6. Nge2 Nc6 7. O-O O-O 8. d3
a6 9. f4 Bg4 10. h3 Bxe2 11. Nxe2 Nd7 12. Rb1 Nd4 13. Be3 Rb8 14. Nxd4 cxd4 15.
Bd2 f5 16. exf5 Rxf5 17. g4 Rf8 18. b4 e5 19. f5 gxf5 20. gxf5 Qf6 21. Qg4 h6
22. Kh1 Kh8 23. Bd5 Nb6 24. Be6 Nc8 25. Rg1 b5 26. cxb5 axb5 27. Qh5 Ne7 28.
Bg5 1-0

[Event "25. Open Internacional de Parla 2010"]
[Site "Parla ESP"]
[Date "2010.09.11"]
[Round "8.21"]
[White "Fernandez Lledo, Javier"]
[Black "Sanchez Garcia, Manuel"]
[Result "1-0"]
[WhiteElo "2136"]
[BlackElo "2002"]
[PlyCount "45"]
[EventDate "2010.09.04"]
[EventType "swiss"]
[EventRounds "9"]
[EventCountry "ESP"]
[Source "lmi"]
[SourceDate "2010.09.04"]

1. e4 d5 2. exd5 Qxd5 3. Nc3 Qd6 4. Nf3 Nf6 5. d4 Nc6 6. Be3 a6 7. a3 Bg4 8. h3
Bf5 9. g4 Bg6 10. Bd3 O-O-O 11. Bxg6 hxg6 12. Ng5 Rh4 13. Nxf7 Qd7 14. Nxd8
Qxd8 15. d5 Ne5 16. Bg5 Rh7 17. Qe2 Nfd7 18. O-O-O Nf7 19. Bf4 Kb8 20. Qe6 Nh8
21. Bg5 Nc5 22. Qg8 Rh6 23. Bxh6 1-0

[Event "25. Open Internacional de Parla 2010"]
[Site "Parla ESP"]
[Date "2010.09.11"]
[Round "8.22"]
[White "Rodrigo Yanguas, Maria"]
[Black "Rodriguez Dorado, Victor Manuel"]
[Result "1-0"]
[WhiteElo "2095"]
[BlackElo "1923"]
[PlyCount "105"]
[EventDate "2010.09.04"]
[EventType "swiss"]
[EventRounds "9"]
[EventCountry "ESP"]
[Source "lmi"]
[SourceDate "2010.09.04"]

1. e4 c6 2. d4 d5 3. Nc3 dxe4 4. Nxe4 Nf6 5. Ng3 h5 6. Bc4 h4 7. N3e2 Bf5 8. h3
Be4 9. Nf3 Bxf3 10. gxf3 Nbd7 11. Nc3 Nb6 12. Bb3 Qd7 13. Ne4 O-O-O 14. Be3
Nbd5 15. Bg5 Qf5 16. Bxf6 Nxf6 17. Qd3 e6 18. O-O-O g6 19. Rhg1 Bg7 20. Kb1 Rh5
21. c4 Qf4 22. Bc2 Nxe4 23. fxe4 Rxd4 24. Qa3 Qe5 25. f4 Qf6 26. e5 Qxf4 27.
Qxa7 Qxe5 28. Qa3 Qc5 29. Qa8+ Kc7 30. Qe8 Qf8 31. Qxf8 Rxd1+ 32. Bxd1 Bxf8 33.
Bxh5 gxh5 34. Rg8 Be7 35. Rg7 Kd7 36. Rxf7 e5 37. Rf5 Ke6 38. Rxh5 b5 39. cxb5
cxb5 40. Kc2 Kd5 41. Kd3 Bf6 42. Rf5 Bg7 43. a3 Bh6 44. Rh5 Bc1 45. Kc2 Bf4 46.
Rxh4 Ke4 47. Rh8 Kf3 48. b3 e4 49. Re8 Bd6 50. a4 bxa4 51. bxa4 Bb4 52. h4 e3
53. Kd3 1-0

[Event "25. Open Internacional de Parla 2010"]
[Site "Parla ESP"]
[Date "2010.09.11"]
[Round "8.23"]
[White "Bote Kobolo, Benjamin"]
[Black "Garcia Lopez, Luis Manuel"]
[Result "1-0"]
[WhiteElo "1969"]
[BlackElo "2094"]
[PlyCount "47"]
[EventDate "2010.09.04"]
[EventType "swiss"]
[EventRounds "9"]
[EventCountry "ESP"]
[Source "lmi"]
[SourceDate "2010.09.04"]

1. e4 c5 2. Nc3 Nc6 3. Nf3 g6 4. Bc4 Bg7 5. d3 a6 6. a4 e6 7. O-O Nge7 8. Re1
d6 9. Bf4 O-O 10. Qd2 Re8 11. Bh6 d5 12. exd5 exd5 13. Nxd5 Bg4 14. Nxe7+ Rxe7
15. Bxg7 Kxg7 16. Ng5 f6 17. Rxe7+ Qxe7 18. Re1 Qc7 19. Ne4 Ne5 20. Qf4 Qe7 21.
Re3 Nxc4 22. dxc4 Bd7 23. Qc7 Rd8 24. h3 1-0

[Event "25. Open Internacional de Parla 2010"]
[Site "Parla ESP"]
[Date "2010.09.11"]
[Round "8.24"]
[White "Villar Perez, Samuel"]
[Black "Lozano Sanchez, Jose Antonio"]
[Result "1-0"]
[WhiteElo "2087"]
[BlackElo "1914"]
[PlyCount "43"]
[EventDate "2010.09.04"]
[EventType "swiss"]
[EventRounds "9"]
[EventCountry "ESP"]
[Source "lmi"]
[SourceDate "2010.09.04"]

1. d4 d5 2. Nf3 Nf6 3. c4 c6 4. Nc3 e6 5. e3 Nbd7 6. Bd3 Bd6 7. O-O O-O 8. e4
dxe4 9. Nxe4 Nxe4 10. Bxe4 Nf6 11. Bc2 Re8 12. Bg5 h6 13. Bh4 Be7 14. Qd3 g6
15. Ne5 g5 16. Nxf7 Kxf7 17. Qg6+ Kf8 18. Qxh6+ Kg8 19. Qg6+ Kf8 20. Bxg5 Ng8
21. Bh6+ Nxh6 22. Qxh6+ 1-0

[Event "25. Open Internacional de Parla 2010"]
[Site "Parla ESP"]
[Date "2010.09.11"]
[Round "8.25"]
[White "Martin Garcia, Guillermo"]
[Black "Cortes Jurado, Rafael"]
[Result "1/2-1/2"]
[WhiteElo "1863"]
[BlackElo "2083"]
[PlyCount "31"]
[EventDate "2010.09.04"]
[EventType "swiss"]
[EventRounds "9"]
[EventCountry "ESP"]
[Source "lmi"]
[SourceDate "2010.09.04"]

1. e4 c5 2. c3 Nf6 3. e5 Nd5 4. d4 cxd4 5. cxd4 Nc6 6. Nf3 d6 7. Bc4 Nb6 8. Bb5
dxe5 9. Bxc6+ bxc6 10. Nxe5 Bb7 11. Nc3 e6 12. Qf3 Qf6 13. Qg3 Be7 14. O-O O-O
15. Ne4 Qh4 16. Qxh4 1/2-1/2

[Event "25. Open Internacional de Parla 2010"]
[Site "Parla ESP"]
[Date "2010.09.11"]
[Round "8.26"]
[White "Aziz Ortego, Omar Luis"]
[Black "Cavalle Pulla, Daniel"]
[Result "1-0"]
[WhiteElo "2080"]
[BlackElo "1847"]
[PlyCount "91"]
[EventDate "2010.09.04"]
[EventType "swiss"]
[EventRounds "9"]
[EventCountry "ESP"]
[Source "lmi"]
[SourceDate "2010.09.04"]

1. e4 e6 2. d4 d5 3. Nc3 Bb4 4. e5 c5 5. a3 Bxc3+ 6. bxc3 Qa5 7. Bd2 Qa4 8. Qb1
c4 9. f4 Nc6 10. Nf3 Nge7 11. Be2 b6 12. O-O Bd7 13. g4 O-O-O 14. Ne1 Rdf8 15.
Ng2 f6 16. Qb2 f5 17. h3 Be8 18. Ne3 Bg6 19. Rf2 Kd7 20. Raf1 h5 21. gxh5 Bxh5
22. Kh2 Bxe2 23. Rxe2 Rh7 24. Ng2 Rfh8 25. Re3 Rb8 26. Rg3 b5 27. Ne1 a5 28.
Rfg1 g6 29. Nf3 b4 30. axb4 axb4 31. Ng5 Rhh8 32. Ra1 bxc3 33. Qxc3 Qb5 34.
Rgg1 Qb2 35. Rgb1 Qxc3 36. Bxc3 Rxb1 37. Rxb1 Rb8 38. Ra1 Nc8 39. Kg3 Nb4 40.
Bxb4 Rxb4 41. Ra6 Rb6 42. Ra2 Rb7 43. Kh4 Na7 44. Ra6 Nc6 45. Nxe6 Nb4 46. Nc5+
1-0

[Event "25. Open Internacional de Parla 2010"]
[Site "Parla ESP"]
[Date "2010.09.11"]
[Round "8.28"]
[White "Ruiz Sanchez, Roberto"]
[Black "Montoya Pecurul, Marc"]
[Result "1/2-1/2"]
[WhiteElo "2079"]
[BlackElo "1629"]
[PlyCount "61"]
[EventDate "2010.09.04"]
[EventType "swiss"]
[EventRounds "9"]
[EventCountry "ESP"]
[Source "lmi"]
[SourceDate "2010.09.04"]

1. e4 c5 2. Nf3 d6 3. d4 cxd4 4. Nxd4 Nf6 5. Nc3 a6 6. Be2 e5 7. Nb3 Be7 8. O-O
O-O 9. f4 Nc6 10. Kh1 b5 11. Bf3 Bb7 12. Qe1 exf4 13. Bxf4 Ne5 14. Rd1 Qc7 15.
Nd4 Nxf3 16. Rxf3 b4 17. Nd5 Nxd5 18. exd5 Bxd5 19. Re3 Bf6 20. Qxb4 Qb7 21.
Qxb7 Bxb7 22. Kg1 d5 23. Rb3 Bc8 24. Rb6 Re8 25. c3 Bg4 26. Nf3 Re4 27. Bg3 d4
28. cxd4 Bxf3 29. gxf3 Rxd4 30. Rc1 Rd2 31. Kf1 1/2-1/2

[Event "25. Open Internacional de Parla 2010"]
[Site "Parla ESP"]
[Date "2010.09.11"]
[Round "8.29"]
[White "Alvarez Gonzalez, Eduardo"]
[Black "Sanchez-Guijaldo Vela, Demetrio"]
[Result "1/2-1/2"]
[WhiteElo "1873"]
[BlackElo "2128"]
[PlyCount "53"]
[EventDate "2010.09.04"]
[EventType "swiss"]
[EventRounds "9"]
[EventCountry "ESP"]
[Source "lmi"]
[SourceDate "2010.09.04"]

1. d4 f5 2. Bg5 g6 3. c4 Bg7 4. Nc3 Nc6 5. e3 Nf6 6. Nf3 d6 7. Bd3 e5 8. dxe5
dxe5 9. e4 h6 10. Bxf6 Bxf6 11. Nd5 Bg7 12. Qb3 O-O 13. h4 Nd4 14. Nxd4 exd4
15. O-O-O c6 16. Nb4 Kh7 17. exf5 Bxf5 18. Bxf5 Rxf5 19. Nd3 b5 20. c5 Bf8 21.
Qe6 Bxc5 22. Qxc6 Rc8 23. Qe4 Rc7 24. Kb1 Re7 25. Qc6 Qb6 26. Qxb6 Bxb6 27.
Rhe1 1/2-1/2

[Event "25. Open Internacional de Parla 2010"]
[Site "Parla ESP"]
[Date "2010.09.11"]
[Round "8.30"]
[White "Lopez Garralon, Miguel"]
[Black "Lopez Heras, Arturo"]
[Result "0-1"]
[WhiteElo "1788"]
[BlackElo "2013"]
[PlyCount "44"]
[EventDate "2010.09.04"]
[EventType "swiss"]
[EventRounds "9"]
[EventCountry "ESP"]
[Source "lmi"]
[SourceDate "2010.09.04"]

1. e4 c5 2. Nf3 d6 3. d4 cxd4 4. Nxd4 Nf6 5. Nc3 g6 6. g3 Bg7 7. Bg2 O-O 8. O-O
a6 9. h3 Qc7 10. Be3 Nc6 11. Nde2 e5 12. Qd2 Be6 13. Rad1 Rfd8 14. f4 Bc4 15.
f5 Rac8 16. g4 Nd4 17. Bxd4 exd4 18. Nxd4 Bxf1 19. Bxf1 d5 20. fxg6 hxg6 21. e5
Qxe5 22. Bg2 Ne4 0-1

[Event "25. Open Internacional de Parla 2010"]
[Site "Parla ESP"]
[Date "2010.09.11"]
[Round "8.31"]
[White "Tirado Parra, Alberto"]
[Black "Martin Espeja, Jorge Juan"]
[Result "1-0"]
[WhiteElo "1951"]
[BlackElo "1884"]
[PlyCount "65"]
[EventDate "2010.09.04"]
[EventType "swiss"]
[EventRounds "9"]
[EventCountry "ESP"]
[Source "lmi"]
[SourceDate "2010.09.04"]

1. e4 e5 2. d4 exd4 3. Qxd4 Nc6 4. Qe3 b6 5. Nc3 Bc5 6. Qg3 Qf6 7. Nd5 Qd6 8.
Bf4 Qg6 9. Nxc7+ Kd8 10. Qxg6 hxg6 11. Nxa8 d6 12. O-O-O Bb7 13. Nf3 Bxa8 14.
Bc4 Ke7 15. e5 dxe5 16. Nxe5 Nf6 17. Rhe1 Kf8 18. Nxf7 Rh4 19. Nd8 Be7 20. Ne6+
Kg8 21. g3 Rh8 22. Ng5+ Kf8 23. Ne6+ Kg8 24. Nd8+ Kf8 25. Nxc6 Bxc6 26. Rd8+
Ne8 27. Rc8 Bd7 28. Rb8 g5 29. Rb7 Nf6 30. Bxg5 Rxh2 31. Bxf6 Bxf6 32. Rxd7
Rxf2 33. Rf7+ 1-0

[Event "25. Open Internacional de Parla 2010"]
[Site "Parla ESP"]
[Date "2010.09.11"]
[Round "8.32"]
[White "Camarero Izquierdo, Juan Carlos"]
[Black "Callejo Hernanz, Jesus Maria"]
[Result "1-0"]
[WhiteElo "1941"]
[BlackElo "1815"]
[PlyCount "127"]
[EventDate "2010.09.04"]
[EventType "swiss"]
[EventRounds "9"]
[EventCountry "ESP"]
[Source "lmi"]
[SourceDate "2010.09.04"]

1. e4 c5 2. Nf3 d6 3. d4 Nf6 4. Nc3 cxd4 5. Nxd4 g6 6. f3 Bg7 7. Be3 Nc6 8. Qd2
O-O 9. O-O-O d5 10. Nxc6 bxc6 11. Bh6 Be6 12. Bxg7 Kxg7 13. h4 Qa5 14. e5 Nd7
15. h5 Rh8 16. f4 Rab8 17. g4 Qb4 18. b3 Bxg4 19. Be2 Bxe2 20. h6+ Kf8 21. Nxe2
Qxd2+ 22. Rxd2 e6 23. Nd4 Rc8 24. Kb2 a6 25. c4 Ke7 26. Rc2 c5 27. Nf3 d4 28.
Ng5 Rb8 29. Ne4 Rhc8 30. Rd2 f6 31. exf6+ Nxf6 32. Ng5 a5 33. Re2 Rb6 34. Rhe1
Rcc6 35. Kc2 Ng4 36. Nxh7 Nxh6 37. Rg2 Kf7 38. Ng5+ Kf6 39. Nf3 Nf5 40. Ne5
Ne3+ 41. Rxe3 dxe3 42. Nxc6 Rxc6 43. Kd3 Ra6 44. Kxe3 a4 45. Kd3 axb3 46. axb3
Kf5 47. Rg5+ Kxf4 48. Rxc5 g5 49. b4 g4 50. Ra5 Rb6 51. b5 g3 52. Ke2 Kg4 53.
Ra6 Rb8 54. Rxe6 Rf8 55. b6 Rf2+ 56. Ke3 Rf3+ 57. Ke4 Rb3 58. c5 Kh5 59. Kd5 g2
60. Re1 Rf3 61. Rg1 Rf5+ 62. Kc6 Rf6+ 63. Kb5 Rf2 64. b7 1-0

[Event "25. Open Internacional de Parla 2010"]
[Site "Parla ESP"]
[Date "2010.09.11"]
[Round "8.33"]
[White "Tolosana Esteban, Enrique"]
[Black "Cano Cabanillas, Javier"]
[Result "0-1"]
[WhiteElo "1772"]
[BlackElo "1933"]
[PlyCount "86"]
[EventDate "2010.09.04"]
[EventType "swiss"]
[EventRounds "9"]
[EventCountry "ESP"]
[Source "lmi"]
[SourceDate "2010.09.04"]

1. f4 e5 2. fxe5 d6 3. Nf3 dxe5 4. e4 Bc5 5. c3 Nc6 6. b4 Bb6 7. b5 Nb8 8. Na3
Bg4 9. Nc4 Nd7 10. Nxb6 axb6 11. Bc4 Ngf6 12. O-O O-O 13. d3 h6 14. Qe1 Qe7 15.
h3 Be6 16. Bxe6 Qxe6 17. Qg3 Ra5 18. c4 Rfa8 19. Bb2 Nh5 20. Qg4 Nhf6 21. Qxe6
fxe6 22. a3 c6 23. Nxe5 cxb5 24. cxb5 Rxb5 25. Nc4 Ra4 26. Rf2 Nxe4 27. Rc2
Nec5 28. d4 Nd3 29. d5 exd5 30. Nd6 Rxb2 31. Rc8+ Kh7 32. Rc7 N3c5 33. Re1 Rxa3
34. Re7 Ra1+ 35. Kh2 Raa2 36. Nf5 Rxg2+ 37. Kh1 Rh2+ 38. Kg1 Rag2+ 39. Kf1 Rf2+
40. Kg1 Rhg2+ 41. Kh1 Rg5 42. Ne3 Ne5 43. h4 Nf3 0-1

[Event "25. Open Internacional de Parla 2010"]
[Site "Parla ESP"]
[Date "2010.09.11"]
[Round "8.34"]
[White "Garcia-Ruiz Fuentes, Marcos"]
[Black "Gutierrez Gonzalez, Francisco Javier"]
[Result "0-1"]
[WhiteElo "1749"]
[BlackElo "1918"]
[PlyCount "52"]
[EventDate "2010.09.04"]
[EventType "swiss"]
[EventRounds "9"]
[EventCountry "ESP"]
[Source "lmi"]
[SourceDate "2010.09.04"]

1. e4 e5 2. Nf3 Nc6 3. d4 exd4 4. Nxd4 Bc5 5. Nxc6 Qf6 6. Qf3 dxc6 7. Bc4 Be6
8. Qxf6 Nxf6 9. Bxe6 fxe6 10. f3 O-O-O 11. Bg5 h6 12. Bh4 Bd4 13. c3 Be3 14.
Ke2 Bc5 15. Nd2 g5 16. Bg3 Nh5 17. Nb3 Bd6 18. Bf2 Nf4+ 19. Kf1 Nd3 20. Rb1 g4
21. Bg3 Bxg3 22. hxg3 Nxb2 23. Nc5 Nc4 24. Nxb7 Rd2 25. Rg1 Rxa2 26. Nc5 Nd2+
0-1

[Event "25. Open Internacional de Parla 2010"]
[Site "Parla ESP"]
[Date "2010.09.11"]
[Round "8.35"]
[White "Perez Cameselle, Francisco"]
[Black "Prieto Velasco, Rafael"]
[Result "1/2-1/2"]
[WhiteElo "1917"]
[BlackElo "1758"]
[PlyCount "96"]
[EventDate "2010.09.04"]
[EventType "swiss"]
[EventRounds "9"]
[EventCountry "ESP"]
[Source "lmi"]
[SourceDate "2010.09.04"]

1. Nf3 f5 2. g3 Nf6 3. Bg2 g6 4. d3 d6 5. O-O Bg7 6. Nc3 Nc6 7. e4 O-O 8. Bg5
Ng4 9. h3 h6 10. hxg4 fxg4 11. Nh2 hxg5 12. Nxg4 Nd4 13. Ne3 c6 14. f3 b5 15.
Qd2 a5 16. Ncd1 Qb6 17. c3 Ne6 18. Nf2 Be5 19. Nh1 Nf4 20. d4 Nxg2 21. Kxg2 Bf6
22. Nf2 Bb7 23. Rh1 c5 24. d5 a4 25. Neg4 a3 26. Nxf6+ exf6 27. b3 Kg7 28. Ng4
Rh8 29. c4 bxc4 30. Qc3 Qd8 31. Rxh8 Kxh8 32. Rh1+ Kg7 33. Nxf6 Qxf6 34. Rh7+
Kxh7 35. Qxf6 cxb3 36. axb3 a2 37. Qa1 Ba6 38. Kf2 Bd3 39. Ke3 Bb1 40. f4 gxf4+
41. gxf4 Ra3 42. e5 Rxb3+ 43. Kd2 Rd3+ 44. Ke2 Rxd5 45. e6 Rd4 46. Kf3 Re4 47.
Qf6 Rxe6 48. Qf7+ Kh8 1/2-1/2

[Event "25. Open Internacional de Parla 2010"]
[Site "Parla ESP"]
[Date "2010.09.10"]
[Round "8.37"]
[White "Sousa Barreiro, Bieito"]
[Black "Ledo Galan, Jose Emilio"]
[Result "1-0"]
[WhiteElo "1676"]
[BlackElo "1963"]
[PlyCount "98"]
[EventDate "2010.09.04"]
[EventType "swiss"]
[EventRounds "9"]
[EventCountry "ESP"]
[Source "lmi"]
[SourceDate "2010.09.04"]

1. e4 c5 2. Nf3 d6 3. Bb5+ Bd7 4. Bxd7+ Nxd7 5. d4 cxd4 6. Nxd4 g6 7. O-O Bg7
8. a4 Ngf6 9. Re1 O-O 10. a5 Nc5 11. f3 a6 12. c3 b5 13. axb6 Qxb6 14. Kh1 a5
15. Nd2 a4 16. Nc4 Qa6 17. Qe2 e5 18. Nc2 Nb3 19. Rb1 Rfc8 20. N2a3 Nxc1 21.
Rbxc1 Rab8 22. Rcd1 Bf8 23. Ne3 Qxe2 24. Rxe2 Nd7 25. Nd5 Nc5 26. Nb4 f5 27.
Nac2 fxe4 28. fxe4 Kf7 29. Rf1+ Ke6 30. g4 Bh6 31. Nd5 Nxe4 32. Ncb4 Rxb4 33.
Nxb4 d5 34. Rd1 Nf6 35. Rg2 Bg5 36. h4 Bxh4 37. g5 Ne4 38. Rxd5 a3 39. bxa3
Rxc3 40. Ra5 Bxg5 41. Rc2 Rb3 42. Rc6+ Kf5 43. Nc2 Rd3 44. Ra7 h5 45. a4 Rd1+
46. Kg2 Rd2+ 47. Kg1 Rd1+ 48. Kg2 h4 49. a5 Bf6 1-0

[Event "25. Open Internacional de Parla 2010"]
[Site "Parla ESP"]
[Date "2010.09.11"]
[Round "8.38"]
[White "Ramirez Bulnes, Joaquin"]
[Black "Garcia Salamero, Hector"]
[Result "0-1"]
[WhiteElo "1946"]
[BlackElo "1776"]
[PlyCount "88"]
[EventDate "2010.09.04"]
[EventType "swiss"]
[EventRounds "9"]
[EventCountry "ESP"]
[Source "lmi"]
[SourceDate "2010.09.04"]

1. c4 Nf6 2. Nc3 g6 3. g3 Bg7 4. Bg2 d6 5. d4 O-O 6. e4 Nbd7 7. Nf3 e5 8. dxe5
dxe5 9. Bg5 c6 10. Qd2 Qc7 11. Rd1 Nc5 12. Bxf6 Bxf6 13. Qd6 Qxd6 14. Rxd6 Be7
15. Rd2 f6 16. b4 Nxe4 17. Nxe4 Bxb4 18. O-O Bxd2 19. Nfxd2 b6 20. c5 Be6 21.
Rc1 Bd5 22. Nd6 Bxg2 23. Kxg2 Rfd8 24. N2e4 f5 25. cxb6 axb6 26. Nf6+ Kg7 27.
Rxc6 Kxf6 28. Nb7+ Ke7 29. Nxd8 Kxd8 30. Rxb6 Rxa2 31. Rb7 e4 32. Kg1 Ke8 33.
Rxh7 Kf8 34. h3 Rb2 35. g4 f4 36. Rc7 f3 37. h4 Rb1+ 38. Kh2 e3 39. Rc3 e2 40.
Rxf3+ Kg7 41. Re3 e1=Q 42. Rxe1 Rxe1 43. f4 Re3 44. Kg2 Kf6 0-1

[Event "25. Open Internacional de Parla 2010"]
[Site "Parla ESP"]
[Date "2010.09.11"]
[Round "8.39"]
[White "Argumanez Avendaño, Juan Antonio"]
[Black "Tarin Casado, Francisco"]
[Result "0-1"]
[WhiteElo "1732"]
[BlackElo "1915"]
[PlyCount "52"]
[EventDate "2010.09.04"]
[EventType "swiss"]
[EventRounds "9"]
[EventCountry "ESP"]
[Source "lmi"]
[SourceDate "2010.09.04"]

1. e4 c6 2. d4 d5 3. e5 Bf5 4. h4 h6 5. g4 Be4 6. f3 Bh7 7. e6 Qd6 8. exf7+
Kxf7 9. Kf2 e5 10. dxe5 Qxe5 11. Bd3 Bc5+ 12. Kg2 Qd4 13. Qe2 Bxd3 14. cxd3 Nd7
15. Nh3 Re8 16. Qf1 Ne5 17. Nf4 Nf6 18. Nd2 Qxf4 19. Nb3 Be3 20. Bxe3 Qxe3 21.
Re1 Qxd3 22. Qf2 Qc4 23. Re3 Nd3 24. Qd2 Rxe3 25. Qxe3 Re8 26. Qd2 Re2+ 0-1

[Event "25. Open Internacional de Parla 2010"]
[Site "Parla ESP"]
[Date "2010.09.11"]
[Round "8.40"]
[White "Laynez Aspenberg, Jose"]
[Black "Martinez Miura, Enrique"]
[Result "1-0"]
[WhiteElo "1912"]
[BlackElo "1731"]
[PlyCount "43"]
[EventDate "2010.09.04"]
[EventType "swiss"]
[EventRounds "9"]
[EventCountry "ESP"]
[Source "lmi"]
[SourceDate "2010.09.04"]

1. d4 e6 2. c4 d5 3. Nc3 Nf6 4. cxd5 exd5 5. Bg5 Be7 6. Qc2 O-O 7. e3 h6 8. Bh4
c6 9. Bd3 Re8 10. Nge2 Ne4 11. Bxe7 Qxe7 12. O-O Nd7 13. Rae1 Ndf6 14. f3 Nxc3
15. Nxc3 Qd6 16. Qf2 Bd7 17. e4 Qc7 18. e5 Nh7 19. f4 b5 20. f5 Nf8 21. Qg3 Qd8
22. e6 1-0

[Event "25. Open Internacional de Parla 2010"]
[Site "Parla ESP"]
[Date "2010.09.11"]
[Round "8.41"]
[White "Rodriguez Bachiller, Luis"]
[Black "Fernandez Gil, Ruben C"]
[Result "0-1"]
[WhiteElo "1903"]
[BlackElo "1719"]
[PlyCount "56"]
[EventDate "2010.09.04"]
[EventType "swiss"]
[EventRounds "9"]
[EventCountry "ESP"]
[Source "lmi"]
[SourceDate "2010.09.04"]

1. Nf3 d5 2. c4 c6 3. e3 Nf6 4. Nc3 e6 5. d4 Bd6 6. c5 Bc7 7. b4 b6 8. Bd2 O-O
9. Bd3 Qe7 10. O-O e5 11. Nxe5 Bxe5 12. dxe5 Qxe5 13. f4 Qe7 14. Na4 Nbd7 15.
cxb6 axb6 16. Qc2 c5 17. bxc5 bxc5 18. Rfc1 c4 19. Bf5 g6 20. Bxd7 Bxd7 21. Nb6
Bf5 22. Qc3 Ra6 23. Qd4 Qd6 24. g4 Bxg4 25. Rcb1 Qe6 26. Bc3 Bf3 27. Rb2 Qg4+
28. Kf2 Ne4+ 0-1

[Event "25. Open Internacional de Parla 2010"]
[Site "Parla ESP"]
[Date "2010.09.11"]
[Round "8.42"]
[White "Cerrato Sampablo, Antonio"]
[Black "Lucas Garcia, Pedro"]
[Result "0-1"]
[WhiteElo "1621"]
[BlackElo "1898"]
[PlyCount "80"]
[EventDate "2010.09.04"]
[EventType "swiss"]
[EventRounds "9"]
[EventCountry "ESP"]
[Source "lmi"]
[SourceDate "2010.09.04"]

1. e4 c5 2. Nf3 e6 3. d4 cxd4 4. Nxd4 Nc6 5. Nxc6 bxc6 6. Nc3 d5 7. exd5 cxd5
8. Bb5+ Bd7 9. O-O Nf6 10. Re1 Bxb5 11. Nxb5 Qb6 12. Nc3 Be7 13. Be3 Qc7 14.
Nb5 Qd7 15. c4 a6 16. Nc3 dxc4 17. Qxd7+ Nxd7 18. Rad1 Nc5 19. Re2 O-O 20. Bxc5
Bxc5 21. Rc2 Rfd8 22. Rdc1 Rab8 23. g3 Kf8 24. Nd1 Bd4 25. Rxc4 Bxb2 26. Nxb2
Rxb2 27. Rc8 Rxc8 28. Rxc8+ Ke7 29. a4 Rb4 30. a5 Rb5 31. Rc7+ Kf6 32. h4 Rxa5
33. f4 h5 34. Rc6 Ra1+ 35. Kf2 a5 36. Rc5 g6 37. Ke2 a4 38. g4 hxg4 39. Rg5 a3
40. Rxg4 a2 0-1

[Event "25. Open Internacional de Parla 2010"]
[Site "Parla ESP"]
[Date "2010.09.11"]
[Round "8.43"]
[White "Gomez Feria, Jose Maria"]
[Black "De la Rosa Bretin, Adrian"]
[Result "1-0"]
[WhiteElo "1895"]
[BlackElo "1712"]
[PlyCount "79"]
[EventDate "2010.09.04"]
[EventType "swiss"]
[EventRounds "9"]
[EventCountry "ESP"]
[Source "lmi"]
[SourceDate "2010.09.04"]

1. c4 Nf6 2. Nf3 g6 3. b4 Bg7 4. Bb2 O-O 5. g3 a5 6. b5 d5 7. c5 Bg4 8. Bg2 c6
9. b6 Bxf3 10. Bxf3 d4 11. d3 Nfd7 12. Qc1 Na6 13. Ba3 Ne5 14. Bg2 Kh8 15. Nd2
Nb4 16. Bxb4 axb4 17. O-O Ng4 18. Qc2 Ne3 19. fxe3 dxe3 20. Nb3 Bxa1 21. Rxa1
f5 22. Qb2+ Kg8 23. Qe5 Qb8 24. Qxe3 f4 25. Qe6+ Kh8 26. g4 f3 27. Bxf3 Qf4 28.
Qe4 Qf6 29. d4 Ra3 30. Qe5 Qxe5 31. dxe5 Rfa8 32. Rd1 Rxa2 33. Rd4 R8a3 34.
Bxc6 Rxb3 35. Rd8+ Kg7 36. Bd5 Rb1+ 37. Kf2 Rc2 38. g5 h5 39. c6 Rbb2 40. Bf3
1-0

[Event "25. Open Internacional de Parla 2010"]
[Site "Parla ESP"]
[Date "2010.09.11"]
[Round "8.44"]
[White "Pablos Tenrero, Raquel"]
[Black "Al-Zarif, Bassam"]
[Result "1-0"]
[WhiteElo "1884"]
[BlackElo "1691"]
[PlyCount "107"]
[EventDate "2010.09.04"]
[EventType "swiss"]
[EventRounds "9"]
[EventCountry "ESP"]
[Source "lmi"]
[SourceDate "2010.09.04"]

1. e4 d5 2. exd5 Qxd5 3. Nc3 Qd6 4. Nf3 Nf6 5. g3 c6 6. Bg2 Bf5 7. O-O e6 8. d3
Be7 9. h3 h6 10. a3 O-O 11. b4 Qc7 12. Ne2 Rd8 13. Re1 a6 14. Nf4 c5 15. Bd2
Nc6 16. Rb1 cxb4 17. axb4 b5 18. Qc1 Rac8 19. Rb2 Nd5 20. Nxd5 exd5 21. d4 Bf6
22. c3 Qd7 23. g4 Be4 24. Qd1 Qc7 25. Ra2 Nb8 26. Ra1 Re8 27. Rc1 Be7 28. Be3
Bd6 29. Qd2 Nd7 30. Qa2 Qb7 31. Nh4 Bxg2 32. Kxg2 Nf6 33. Nf5 Bb8 34. f3 h5 35.
Qf2 Qc7 36. Rh1 g6 37. Nh6+ Kg7 38. Bg5 Rh8 39. h4 Nh7 40. gxh5 gxh5 41. Be3
Kf8 42. Kf1 Nf6 43. Nf5 Rg8 44. Bh6+ Ke8 45. Qe3+ Kd7 46. Qe7+ Kc6 47. Qxf6+
Kb7 48. Qe7 Ka8 49. Qxc7 Rxc7 50. Bf4 Rd7 51. Bxb8 Kxb8 52. Rg1 Rg6 53. Kf2 Kc7
54. Rg5 1-0

[Event "25. Open Internacional de Parla 2010"]
[Site "Parla ESP"]
[Date "2010.09.11"]
[Round "8.45"]
[White "Garcia Hernandez, Javier"]
[Black "Suarez Sanchez, Esperanza"]
[Result "1/2-1/2"]
[WhiteElo "1654"]
[BlackElo "1844"]
[PlyCount "71"]
[EventDate "2010.09.04"]
[EventType "swiss"]
[EventRounds "9"]
[EventCountry "ESP"]
[Source "lmi"]
[SourceDate "2010.09.04"]

1. d4 Nf6 2. c4 g6 3. Nc3 Bg7 4. e4 d6 5. f4 O-O 6. Nf3 c6 7. Bd3 Nbd7 8. O-O
Qc7 9. Qe1 e5 10. dxe5 dxe5 11. f5 Re8 12. Qh4 Nc5 13. Bc2 gxf5 14. exf5 e4 15.
Ng5 Qe5 16. Be3 Bxf5 17. Rad1 Nd3 18. Ncxe4 Bxe4 19. Bxd3 Bxd3 20. Rxd3 Rad8
21. Bd4 Rxd4 22. Rxd4 h6 23. Nf3 Qc5 24. Qf2 Ne4 25. Rxe4 Qxf2+ 26. Kxf2 Rxe4
27. b3 Bf8 28. Re1 Rxe1 29. Kxe1 Bd6 30. Ke2 Kg7 31. Kd3 Kf6 32. Ke4 Kg6 33. h3
f5+ 34. Kd3 Kf6 35. Ke3 Bc5+ 36. Kd3 1/2-1/2